ბათუმის შოთა რუსთაველის სახელმწიფო უნივერსიტეტის ბიბლიოთეკა

Иоганн Мюллер(Региомонтан) 1436-1476 (ბიბ.ჩანაწერი № 48054)

000 -LEADER
fixed length control field 00575nam a2200205Ia 4500
001 - CONTROL NUMBER
control field 14934
003 - CONTROL NUMBER IDENTIFIER
control field GE_BSU
008 - FIXED-LENGTH DATA ELEMENTS--GENERAL INFORMATION
fixed length control field 181216s||||||||xx |||||||||||||| ||und||
040 ## - CATALOGING SOURCE
Transcribing agency GE_BSU
080 ## - UNIVERSAL DECIMAL CLASSIFICATION NUMBER
Universal Decimal Classification number 510
100 ## - MAIN ENTRY--PERSONAL NAME
Personal name Белый,Ю.А.
245 ## - TITLE STATEMENT
Title Иоганн Мюллер(Региомонтан) 1436-1476
245 ## - TITLE STATEMENT
Statement of responsibility, etc. Отв.ред.А.А.Михаилов, Б.А.Розенфельд
260 ## - PUBLICATION, DISTRIBUTION, ETC.
Place of publication, distribution, etc. Москва
260 ## - PUBLICATION, DISTRIBUTION, ETC.
Name of publisher, distributor, etc. Наука
260 ## - PUBLICATION, DISTRIBUTION, ETC.
Date of publication, distribution, etc. 1985
300 ## - PHYSICAL DESCRIPTION
Extent 126стр.20см.
653 ## - INDEX TERM--UNCONTROLLED
Uncontrolled term Иоганн Мюллер(Региомонтан)
942 ## - ADDED ENTRY ELEMENTS (KOHA)
Koha item type წიგნი
ეგზემპლარები
Withdrawn status Lost status Damaged status Not for loan Date acquired Barcode Date last seen Price effective from Koha item type
        2018-12-17 15131 2018-12-17 2018-12-17 წიგნი
        2018-12-17 15902 2018-12-17 2018-12-17 წიგნი